Schaum's outline of theory and problems of theoretical mechanics : (Record no. 5974)

MARC details
000 -LEADER
fixed length control field 00998nac a22002771u 4500
010 ## -
-- 80040372
020 ## - INTERNATIONAL STANDARD BOOK NUMBER
International Standard Book Number 0070843570 (pbk.) :
082 00 - DEWEY DECIMAL CLASSIFICATION NUMBER
Classification number 531
Item number SPI
090 ## - LOCALLY ASSIGNED LC-TYPE CALL NUMBER (OCLC); LOCAL CALL NUMBER (OCLC)
-- 5974
-- 5974
100 ## - MAIN ENTRY--PERSONAL NAME
Personal name Spiegel, Murray R.
245 10 - TITLE STATEMENT
Title Schaum's outline of theory and problems of theoretical mechanics :
Remainder of title with an introduction to Lagrange's equations and Hamiltonian theory /
Statement of responsibility, etc by Murray R. Spiegel.
250 ## - EDITION STATEMENT
Edition statement SI (metric) ed. /
Remainder of edition statement adapted for SI units by Y. Proykova.
260 ## -
-- New York ;
-- London :
-- McGraw-Hill Book Co.,1983
-- c1983.
300 ## - PHYSICAL DESCRIPTION
Extent 368 p. :
Other physical details ill. ;
Dimensions 28 cm.
336 ## - CONTENT TYPE
Source rdacontent
Content type term text
Content type code txt
337 ## - MEDIA TYPE
Media type term unmediated
Source rdamedia
Media type code n
338 ## - CARRIER TYPE
Carrier type term volume
Carrier type code nc
Source rdacarrier
490 0# - SERIES STATEMENT
Series statement Schaum's outline series
500 ## - GENERAL NOTE
General note Includes indexes.
500 ## - GENERAL NOTE
General note distributer: Al-Ahram
511 ## -
-- catalogued by: wessam
650 #0 - SUBJECT ADDED ENTRY--TOPICAL TERM
Topical term or geographic name as entry element Mechanics.
650 #0 - SUBJECT ADDED ENTRY--TOPICAL TERM
Topical term or geographic name as entry element Mechanics
General subdivision Problems, exercises, etc.
700 1# - ADDED ENTRY--PERSONAL NAME
Personal name Proykova, Y.
942 ## - ADDED ENTRY ELEMENTS (KOHA)
Koha item type Book - Borrowing
Call number prefix 531SPI
Classification part RDA-MOD
Holdings
Withdrawn status Lost status Damaged status Not for loan Home library Current library Shelving location Date acquired Source of acquisition Total Checkouts Full call number Barcode Date last seen Price effective from Koha item type
        Central Library Central Library First floor 07/11/2011 Purchase   531SPI 000007275 15/07/2025 11/11/2007 Book - Borrowing